| 000 | 00447cam a22001337a 4500 | ||
|---|---|---|---|
| 008 | 180718b1954 xxu||||| |||| 00| 0 eng d | ||
| 082 | _aI531 P538 | ||
| 100 | _aBraum, Dan M. | ||
| 245 |
_aThousand questions on supervision in Philippine government _cby Dan M. Braum |
||
| 260 |
_aManila _bInstitute of Public Administration _c1954 |
||
| 300 | _a210p | ||
| 650 | _aPhilippines --Politics and government --1946-1973 | ||
| 650 | _aPublic administration | ||
| 999 |
_c428405 _d428405 |
||